[Event "Moravia-chT 9798"]
[Site "CZE"]
[Date "1998.??.??"]
[Round "7.1"]
[White "Zpevak, Pavel"]
[Black "Ftacnik, Lubomir"]
[Result "0-1"]
[WhiteElo "2380"]
[BlackElo "2580"]

1.c4 Nf6 2.Nc3 c5 3.Nf3 e6 4.g3 b6 5.Bg2 Bb7 6.O-O Be7 7.d4 cxd4 8.Qxd4 d6
9.b3 O-O 10.Bb2 Nbd7 11.Ng5 Bxg2 12.Kxg2 Qc7 13.Qf4 Rad8 14.Rfd1 a6 15.Kg1 h6
16.Nge4 Ne8 17.Qe3 Qb8 18.Nd2 Nef6 19.Nf3 Rc8 20.Nd4 Rfe8 21.Qf3 Bf8 22.Rac1 Rc7
23.Qg2 Rec8 24.h3 g6 25.Qf3 Bg7 26.Qg2 Ne8 27.Qe4 Ne5 28.Qb1 Qb7 29.Ba1 Nf6
30.Bb2 Kh7 31.Ba3 Ne8 32.Bb2 Nf6 33.Ba3 Rd7 34.Bb2 h5 35.Rc2 Kg8 36.Rcd2 h4
37.f4 Nc6 38.Nxc6 Rxc6 39.g4 b5 40.cxb5 axb5 41.Ne4 Nxe4 42.Qxe4 Bxb2 43.Rxb2 Rc1
44.Qd4 e5 45.Qd2 Rxd1+ 46.Qxd1 Qb6+ 47.Kg2 Qc6+ 48.e4 Qc3 49.Rd2 Qg3+ 50.Kh1 Qxh3+
51.Rh2 Qe3  0-1

[Event "CZE-chT2 9798"]
[Site "CZE"]
[Date "1998.??.??"]
[Round "9.2"]
[White "Tichy, Vladimir"]
[Black "Vodicka, Vladimir"]
[Result "1/2-1/2"]
[WhiteElo "2335"]
[BlackElo "2340"]

1.c4 Nf6 2.Nc3 c5 3.Nf3 d5 4.cxd5 Nxd5 5.d4 Nxc3 6.bxc3 g6 7.g3 Bg7 8.Bg2 O-O
9.O-O Nc6 10.e3 Qa5 11.Qb3 Be6 12.Qa3 Rfd8 13.Qxa5 Nxa5 14.Ba3 b6 15.Rfd1 Nc4
16.Bc1 Rac8 17.Nd2 b5 18.Nxc4 Bxc4 19.Ba3 cxd4 20.cxd4 e6 21.Bc5 Rd7 22.Bf1 Bxf1
23.Kxf1 Bf8 24.Bxf8 Kxf8 25.Rab1 a6 26.Rd2 Rc4 27.Ke2 Ke7 28.Rb3 Rdc7  1/2-1/2

[Event "Moravia-chT 9798"]
[Site "CZE"]
[Date "1998.??.??"]
[Round "9.5"]
[White "Knazovcik, Ladislav"]
[Black "Markovic, Ivan2"]
[Result "1/2-1/2"]
[WhiteElo "2255"]
[BlackElo "2210"]

1.Nf3 Nf6 2.c4 e6 3.Nc3 c5 4.e4 d6 5.g3 Nc6 6.Bg2 e5 7.O-O Bg4 8.h3 Bh5 9.d3 Be7
10.Be3 Qd7 11.a3 Nd4 12.g4 Bg6 13.b4 O-O 14.Rb1 Rac8 15.Rb2 b6 16.Nh2 Ne6
17.Qd2 Ne8 18.Rfb1 h5 19.Ne2 hxg4 20.hxg4 N8c7 21.Ng3 Nd4 22.Nf5 Nce6 23.Nf3 Nxf3+
24.Bxf3 Qd8 25.Nxe7+ Qxe7 26.Kg2 f6 27.Rh1 Kf7 28.Rbb1 Rh8 29.Rbg1 Rxh1 30.Rxh1 Rg8
31.Bd1 Qe8 32.f3 Rh8 33.Ba4 Qd8 34.Qd1 Ke7 35.Bc6 Bf7 36.Bd5 g5 37.Qg1 Rxh1
38.Qxh1 Qg8 39.Kf2 Bg6 40.Qd1 Qe8 41.Kg2 Qd7 42.b5 Kf8 43.Qh1 Kg7 44.a4 Nf4+
45.Bxf4 gxf4 46.Qe1 Qd8 47.Be6 Qh8 48.Bf5 Bf7  1/2-1/2

[Event "Sparkasse op"]
[Site "Dortmund"]
[Date "1998.??.??"]
[Round "?"]
[White "Rohde, Ulrich"]
[Black "Bischoff, Klaus"]
[Result "0-1"]
[WhiteElo "2280"]
[BlackElo "2545"]

1.Nf3 Nf6 2.c4 c5 3.Nc3 e6 4.g3 b6 5.Bg2 Bb7 6.O-O Be7 7.Re1 a6 8.e4 d6 9.d4 cxd4
10.Nxd4 Qc7 11.Be3 O-O 12.Rc1 Re8 13.f4 Nbd7 14.g4 Nf8 15.g5 N6d7 16.f5 Ne5
17.b3 Rac8 18.Rf1 Bd8 19.Bh3 Qd7 20.Rc2 b5 21.Rcf2 bxc4 22.fxe6 Nxe6 23.Nd5 c3
24.Nf5 Kh8 25.Nxg7 Kxg7 26.Qh5 Kg8 27.Bd4 Rc7 28.Bxe5 dxe5 29.Nxc7 Bxc7 30.Rxf7 Bb6+
31.Kh1 Bxe4+ 32.Bg2 Qd5 33.R7f3 Rf8 34.Rxf8+ Nxf8 35.Rxf8+ Kxf8 36.Qh6+ Kg8  0-1

[Event "Dos Hermanas op"]
[Site "Dos Hermanas"]
[Date "1998.??.??"]
[Round "4"]
[White "Frois, Antonio"]
[Black "Magem Badals, Jorge"]
[Result "0-1"]
[WhiteElo "2385"]
[BlackElo "2535"]

1.c4 Nf6 2.Nf3 c5 3.Nc3 d5 4.cxd5 Nxd5 5.g3 Nc6 6.Bg2 Nc7 7.d3 e5 8.Nd2 Be7
9.Nc4 f6 10.O-O O-O 11.a4 Be6 12.Be3 Qd7 13.a5 Rab8 14.f4 exf4 15.Bxf4 Rbd8
16.Bxc7 Qxc7 17.Qa4 Nb4 18.Na2 Nxa2 19.Rxa2 Kh8 20.Qb5 Rb8 21.Raa1 f5 22.e4 Bf6
23.Rae1 fxe4 24.Bxe4 Bd7 25.Qb3 Bh3 26.Rf3 Bd4+ 27.Kh1 Rxf3 28.Bxf3 g6 29.Qb5 Qf7
30.Nd2 b6 31.axb6 axb6 32.Re2 Qa2 33.Bg2 Qa1+ 34.Nf1 Rf8 35.Bxh3 Rxf1+ 36.Kg2 Rf8  0-1

[Event "Dos Hermanas op"]
[Site "Dos Hermanas"]
[Date "1998.??.??"]
[Round "8"]
[White "Epishin, Vladimir"]
[Black "Magem Badals, Jorge"]
[Result "1/2-1/2"]
[WhiteElo "2590"]
[BlackElo "2535"]

1.c4 c5 2.Nf3 Nf6 3.Nc3 d5 4.cxd5 Nxd5 5.d4 cxd4 6.Qxd4 Nxc3 7.Qxc3 Nc6 8.e4 e6
9.Bb5 Bd7 10.O-O Qb6 11.Bxc6 Qxc6 12.Qe5 f6 13.Qh5+ g6 14.Qh4 e5 15.Bh6 Bxh6
16.Qxh6 Qd6 17.Rac1 Bc6 18.Nd2 O-O-O 19.Nc4 Qc5 20.Qh4 g5 21.Qh6 Qf8 22.Qxf8 Rhxf8
23.f3 Rd3 24.Kf2 Rfd8 25.Rc2 Kb8 26.Rfc1 g4 27.b3 gxf3 28.gxf3 Be8 29.Nb2 R3d4
30.Ke3 Bc6 31.Rc5 f5 32.exf5 Rf4 33.Rf1 Rxf5 34.Nc4 Rd5 35.Rxd5 Bxd5 36.Nd2 Rh5
37.Rf2 Kc7 38.Nf1 Kb6 39.Ng3 Rh4 40.Ne2 Bc6 41.f4 exf4+ 42.Nxf4 Kc5 43.a3 a5
44.Rc2+  1/2-1/2

[Event "Dresden zt"]
[Site "Dresden"]
[Date "1998.??.??"]
[Round "3"]
[White "Huzman, Alexander"]
[Black "Dizdarevic, Emir"]
[Result "1/2-1/2"]
[WhiteElo "2610"]
[BlackElo "2540"]

1.Nf3 Nf6 2.c4 c5 3.Nc3 e6 4.g3 b6 5.Bg2 Bb7 6.O-O Be7 7.Re1 Ne4 8.d4 Nxc3
9.bxc3 d6 10.e4 Nd7 11.d5 e5 12.a4 O-O 13.Ra2 Qc7 14.Be3 Rae8 15.Nd2 Bc8
16.Bh3 Bd8 17.Qb1 Nf6 18.Bxc8 Qxc8 19.f3 h6 20.Kg2 Nh7 21.h4 Kh8 22.Rh1 h5
23.Nf1 Rg8 24.Qd3 Re7 25.Bc1 g6 26.Ne3 Ree8 27.Kf1 Ref8 28.g4 Nf6 29.Rg2 Rg7
30.Rhg1 Rh7 31.Rh1 Qd7  1/2-1/2

[Event "Centrocoop June op-A"]
[Site "Eforie Nord "]
[Date "1998.??.??"]
[Round "?"]
[White "Puskas, Janos"]
[Black "Podgurkii, Stepan"]
[Result "0-1"]
[WhiteElo "2100"]
[BlackElo "2165"]

1.Nf3 c5 2.c4 Nf6 3.Nc3 e6 4.g3 b6 5.Bg2 Bb7 6.O-O Qc7 7.d4 cxd4 8.Nb5 Qxc4
9.Ne5 Qc8 10.Bxb7 Qxb7 11.Qxd4 Nc6 12.Qd6 Rc8 13.Nc4 a6 14.Qxe6+ dxe6 15.Nbd6+ Bxd6
16.Nxd6+ Ke7 17.Nxb7 Rc7 18.Nd6 Kxd6 19.Bf4+ e5 20.Rfd1+ Ke6 21.Be3 Nd5  0-1

[Event "Centrocoop June op-B"]
[Site "Eforie Nord"]
[Date "1998.??.??"]
[Round "?"]
[White "Gehtman, Boris"]
[Black "Milea, Florian"]
[Result "1/2-1/2"]
[WhiteElo "1650"]
[BlackElo "2000"]

1.Nf3 Nf6 2.c4 c5 3.Nc3 g6 4.d4 cxd4 5.Nxd4 Bg7 6.e4 d6 7.Be2 O-O 8.O-O Nc6
9.Be3 Bd7 10.Rc1 a6 11.f3 Rc8 12.Qd2 Ne5 13.b3 Ne8 14.Bg5 f6 15.Bh4 g5 16.Bg3 Ng6
17.Nd5 e6 18.Ne3 Qb6 19.Bf2 Nf4 20.Ng4 Qc7 21.Be3 f5 22.Bxf4 gxf4 23.exf5 Qc5
24.f6 Nxf6 25.Nf2 e5 26.Nc2 e4 27.Qxf4 exf3 28.Bxf3 Ng4 29.Qe4 Nf6 30.Qe3 Qxe3
31.Nxe3 Bh6 32.Rce1 Rce8 33.Nd5 b5 34.Nd3 Nxd5 35.Bxd5+ Kg7 36.Rxe8 Bxe8
37.Rxf8 Kxf8 38.Nb4 a5 39.Nc6 bxc4 40.bxc4 Be3+ 41.Kf1 Bb6 42.Ke2 Bg6 43.Kf3 Bb1
44.a3 h6 45.Be4 Ba2 46.Bd3 Ke8 47.Ke4 Kd7 48.Nd4 Bc5 49.Nb5 Bb3 50.g4 Ba4
51.h4 Bxb5 52.cxb5 Bxa3 53.g5 hxg5 54.hxg5 Bb2 55.Kd5 a4 56.b6 a3 57.Bf5+ Kd8
58.Kc6 Be5 59.b7 d5  1/2-1/2

[Event "Centrocoop Sept op-A"]
[Site "Eforie Nord"]
[Date "1998.??.??"]
[Round "?"]
[White "Loginov, Anton"]
[Black "Zhidkov, Valery S"]
[Result "1/2-1/2"]
[WhiteElo "2255"]
[BlackElo "2400"]

1.Nf3 Nf6 2.c4 e6 3.Nc3 c5 4.e4 d6 5.d4 cxd4 6.Nxd4 a6 7.Be2 Nbd7 8.O-O Nc5
9.Bf3 Be7 10.Qe2 Qc7 11.Rd1 Ncd7 12.Qf1 O-O 13.Bf4 Ne5 14.Be2 b6 15.Rac1 Bb7
16.f3 Rac8 17.b3 Rfe8 18.Kh1 Qb8 19.Qf2 Ned7 20.Be3 Bd8 21.Bf1 Bc7 22.g3 Qa7
23.Bg2 Nc5 24.Nde2 Rb8 25.Rc2 h6 26.Rcd2 Red8 27.Bf4 e5 28.Be3 Bc6 29.Nd5 Nxd5
30.cxd5 Bd7 31.Nc3 Qb7 32.Qf1 b5 33.Bh3 Ba5 34.Rc2 Rbc8 35.Bxd7 Qxd7 36.Rdc1 Rc7
37.Nd1 Rdc8 38.Bxc5 dxc5 39.Ne3 Kh7  1/2-1/2

[Event "FIN-ch"]
[Site "FIN"]
[Date "1998.??.??"]
[Round "4"]
[White "Sammalvuo, Tapani"]
[Black "Salmensuu, Olli"]
[Result "1-0"]
[WhiteElo "2395"]
[BlackElo "2375"]

1.Nf3 Nf6 2.c4 c5 3.Nc3 e6 4.g3 d5 5.cxd5 exd5 6.d4 Nc6 7.Bg2 Be7 8.O-O O-O
9.dxc5 Bxc5 10.Bg5 Be6 11.Bxf6 Qxf6 12.Nxd5 Qxb2 13.Nc7 Rad8 14.Qc1 Qxc1
15.Raxc1 Bb6 16.Nxe6 fxe6 17.Rc4 h6 18.h4 Rf6 19.Rfc1 Kf7 20.Re4 Rd5 21.Bh3 Bc5
22.Kg2 b6 23.Rcc4 Ke7 24.e3 Kd6 25.Rc2 Nb4 26.Re2 Nc6 27.Nd2 Ke7 28.Rg4 Rf7
29.Rg6 Nd8 30.Nf3 Bb4 31.Nd4 e5 32.Nf3 Rc5 33.Rg4 Nc6 34.Nd4 Bc3 35.Nb3 h5
36.Re4 a5 37.Nxc5 bxc5 38.a3 Kd6 39.Rc4 Ba1 40.Rc1 Bd4 41.exd4 Nxd4 42.Ree1 Kd5
43.Kf1 c4 44.Bg2+ Nf3  1-0

[Event "Fourmies op"]
[Site "Fourmies"]
[Date "1998.??.??"]
[Round "?"]
[White "Chuchelov, Vladimir"]
[Black "Vujovic, Milorad"]
[Result "1-0"]
[WhiteElo "2545"]
[BlackElo "2270"]

1.Nf3 c5 2.c4 Nf6 3.Nc3 e6 4.g3 b6 5.Bg2 Bb7 6.O-O Be7 7.Re1 d5 8.cxd5 exd5
9.d4 O-O 10.Bf4 Nc6 11.Rc1 cxd4 12.Nb5 Bb4 13.Rf1 Bc5 14.a3 a5 15.Nbxd4 Nxd4
16.Nxd4 Re8 17.Rc2 Ne4 18.Nb3 Qe7 19.Nc1 Bc6 20.Be3 Bxe3 21.Rxc6 Qd7 22.Rc2 Nxf2
23.Rxf2 Qf5 24.Nd3 Rac8 25.Rxc8 Rxc8 26.Kf1 Bxf2 27.Nxf2 Qc2 28.Qxc2 Rxc2
29.Nd3  1-0

[Event "France"]
[Site "?"]
[Date "1998.??.??"]
[Round "?"]
[White "Chuchelov, Vladimir"]
[Black "Montheard, Xavier"]
[Result "1-0"]
[WhiteElo "2540"]
[BlackElo "2255"]

1.Nf3 Nf6 2.c4 c5 3.Nc3 g6 4.d4 cxd4 5.Nxd4 Bg7 6.e4 d6 7.Be2 O-O 8.O-O Nc6
9.Nc2 Be6 10.Rb1 a5 11.f4 a4 12.Kh1 Qb8 13.Be3 Na5 14.b3 axb3 15.axb3 Nd7
16.Nd4 Bxd4 17.Bxd4 f5 18.exf5 Bxf5 19.Rb2 Nc6 20.Be3 Rf7 21.Bf3 Nf8 22.Bd5 Be6
23.g4 Bxd5+ 24.cxd5 Qc8 25.Na4 Nb4 26.Nb6 Qd8 27.Qd4 Na6 28.Nxa8 Qxa8 29.f5 Nd7
30.Rbf2 Ne5 31.fxg6 hxg6 32.Rxf7 Nxf7 33.Qe4 Ne5 34.Bd4  1-0

[Event "Pyramiden Franken Cup"]
[Site "Fuerth"]
[Date "1998.??.??"]
[Round "7"]
[White "Slobodjan, Roman"]
[Black "Kogan, Artur"]
[Result "0-1"]
[WhiteElo "2575"]
[BlackElo "2485"]

1.Nf3 c5 2.c4 Nf6 3.Nc3 e6 4.g3 b6 5.Bg2 Bb7 6.O-O Be7 7.Re1 a6 8.e4 d6 9.b3 O-O
10.d4 cxd4 11.Nxd4 Qc7 12.Bb2 Nbd7 13.Rc1 Rfe8 14.h3 Rac8 15.Rc2 Qb8 16.Rce2 Bf8
17.f4 e5 18.fxe5 dxe5 19.Nf5 b5 20.cxb5 g6 21.Ne3 Bb4 22.bxa6 Bxa6 23.Rc2 Nc5
24.Ned5 Nxd5 25.Nxd5 Bxe1 26.Nf6+ Kh8 27.Nxe8 Nd3 28.Bf1 Qb6+ 29.Kh2 Qe3
30.Bxd3 Bxg3+ 31.Kg2 Bxd3 32.Qxd3 Qxd3 33.Rxc8 Bf4 34.Nd6+ Kg7 35.Ba3 Qe2+  0-1

[Event "NRW-Liga II 9899"]
[Site "GER"]
[Date "1998.??.??"]
[Round "2"]
[White "Kurr, Gerd"]
[Black "Van Blitterswijk, Stefan"]
[Result "0-1"]
[WhiteElo "2235"]
[BlackElo "2360"]

1.Nf3 Nf6 2.c4 c5 3.Nc3 d5 4.cxd5 Nxd5 5.e4 Nb4 6.d3 N8c6 7.a3 Na6 8.Be3 e5
9.Be2 Bd6 10.O-O O-O 11.Nb5 Nc7 12.Nxd6 Qxd6 13.Rc1 b6 14.Qc2 Bd7 15.Nd2 Qe7
16.Nc4 Rac8 17.f4 Nb5 18.Qd1 Rcd8 19.Qe1 exf4 20.Bxf4 Be6 21.Ne3 Nbd4 22.Bd1 Qd7
23.Qg3 Kh8 24.Rf2 f6 25.Nc4 Bxc4 26.dxc4 Rfe8 27.Bf3 Ne5 28.Bxe5 Rxe5 29.Rcf1 Qe6
30.b3 Qe7 31.Rb1 Re8 32.Kh1 Qb7 33.h3 Qa6 34.a4 Qb7 35.Rd2 a5 36.Rbd1 Rd8
37.Rd3 Qe7 38.Qf2 Re8 39.Qg3 Rg5 40.Qf2 Re5 41.Qg3 Qf7 42.Kh2 Qg6 43.Qxg6 hxg6
44.Kg3 Kg8 45.Kf2 Kf7 46.Kg3 Ke7 47.Kf2 Rd8 48.Kg3 Re6 49.Kf2 Re5 50.R1d2 f5
51.exf5 gxf5 52.Rd1 Kf6 53.R1d2 Rde8 54.g3 g5 55.Rd1 Rh8 56.Kg2 Re6 57.Rf1 Rhe8
58.Bg4 Re5 59.Bh5 R8e7 60.Rf2 Re3 61.Rfd2 f4 62.gxf4 gxf4 63.Rxd4 cxd4 64.Rxd4 Rxb3
65.Bf3 Rb2+ 66.Kf1 Re3 67.Rxf4+ Ke5 68.Rf8 Ra3 69.Re8+ Kf4 70.Bg4 Ra1+ 71.Re1 Rxa4  0-1

[Event "NRW-Liga II 9899"]
[Site "GER"]
[Date "1998.??.??"]
[Round "2"]
[White "Simon, Hans Christian"]
[Black "Beckmann, Klaus"]
[Result "1/2-1/2"]
[WhiteElo "2195"]
[BlackElo "2280"]

1.Nf3 c5 2.c4 Nf6 3.Nc3 b6 4.g3 Bb7 5.Bg2 g6 6.O-O Bg7 7.b3 Ne4 8.Bb2 Nxc3
9.Bxc3 Bxc3 10.dxc3 O-O 11.Qd2 Kg7 12.Rad1 d6 13.Ne1 Bxg2 14.Nxg2 Nd7 15.Ne3 Nf6
16.Nd5 Ne8 17.e4 e6 18.Ne3 Qe7 19.f4 f5 20.e5 dxe5 21.fxe5 Rf7 22.Ng2 g5
23.Rf3 Rc8 24.Rd3 Rc7 25.Qe2 Kg6 26.Qf3 Rc8 27.Ne1 Qb7 28.Qe2 Rcc7 29.Qd2 h6
30.Ng2  1/2-1/2

[Event "NRW-Liga I 9899"]
[Site "GER"]
[Date "1998.??.??"]
[Round "4"]
[White "Henrichs, Thomas"]
[Black "Vogelmann, Peter"]
[Result "1/2-1/2"]
[WhiteElo "2455"]
[BlackElo "2320"]

1.Nf3 Nf6 2.c4 c5 3.Nc3 d5 4.cxd5 Nxd5 5.e4 Nb4 6.Bc4 Nd3+ 7.Ke2 Nf4+ 8.Kf1 Ne6
9.b4 g6 10.Ne5 Bg7 11.Qa4+ Kf8 12.Nf3 cxb4 13.Qxb4 Nc6 14.Qa3 Ned4 15.Nxd4 Qxd4
16.Be2 Be6 17.Rb1 b6 18.h4 Rd8 19.h5 h6 20.hxg6 fxg6 21.Nb5 Qc5 22.Nc7 Bf7
23.Qxc5 bxc5 24.Rb7 Bxa2 25.Rh3 Bd4 26.Bb5 Ne5 27.Rxa7 Bf7 28.f4 Ng4 29.e5 Rb8
30.Ba3 Rxb5 31.Nxb5 Bc4+ 32.Ke1 Bxb5 33.Rb3 Be8 34.Rbb7 Rh7 35.Rb8 Kf7 36.e6+ Kxe6
37.Rxe8 Rf7 38.g3 Nf6 39.Rc8 Ne4 40.Rc6+ Kf5 41.Rd7 Nxg3 42.Bxc5 Bxc5 43.Rxc5+ Kg4
44.Rc4 Nf5 45.Ra7 Rf6 46.Kf2 Rd6 47.Ke2 h5 48.Ra1 h4 49.Rg1+ Ng3+ 50.Ke3 Re6+
51.Kd3 Rd6+ 52.Ke3 Re6+ 53.Kd3 Rd6+ 54.Ke3  1/2-1/2

[Event "BL2-W9798"]
[Site "Germany"]
[Date "1998.??.??"]
[Round "?.5"]
[White "Schulz, Klaus Juergen"]
[Black "Koehn, Peter"]
[Result "0-1"]
[WhiteElo "2405"]
[BlackElo "2300"]

1.Nf3 Nf6 2.c4 c5 3.Nc3 b6 4.g3 Bb7 5.Bg2 e6 6.O-O Be7 7.d4 cxd4 8.Qxd4 O-O
9.Rd1 d6 10.b3 Nbd7 11.Bb2 a6 12.e4 Qb8 13.Qe3 Re8 14.Nd4 Qc7 15.Rac1 Rac8
16.h3 Bf8 17.g4 h6 18.Nde2 Qb8 19.f4 e5 20.Kh1 b5 21.cxb5 axb5 22.fxe5 Rxe5
23.Ng3 Rce8 24.Qd4 d5 25.Nxb5 dxe4 26.Nd6 Rd5 27.Nxe8 Rxd4 28.Rxd4 Qxg3 29.Nxf6+ Nxf6
30.Rd8 e3 31.Bxb7 Qxh3+ 32.Kg1 Qg3+ 33.Bg2 Qf2+ 34.Kh1 Qxb2 35.Rcc8 e2 36.Rxf8+ Kh7  0-1

[Event "Oberliga Ost B9798"]
[Site "Germany"]
[Date "1998.??.??"]
[Round "?.1"]
[White "Teske, Henrik"]
[Black "Vidoniak, Roman"]
[Result "1-0"]
[WhiteElo "2515"]
[BlackElo "2415"]

1.c4 c5 2.Nf3 Nf6 3.Nc3 e6 4.g3 b6 5.Bg2 Bb7 6.O-O Be7 7.Re1 Ne4 8.Nxe4 Bxe4
9.d3 Bb7 10.b3 O-O 11.Bb2 Bf6 12.d4 Be4 13.Qd2 Nc6 14.Rad1 Bxf3 15.Bxf3 cxd4
16.e3 dxe3 17.Qxe3 Rc8 18.Bxf6 gxf6 19.Bxc6 Rxc6 20.Qd4 d6 21.Qg4+ Kh8 22.Qf3 Rc5
23.Re4 f5 24.Red4 Qg5 25.Rxd6 f4 26.R1d4 fxg3 27.hxg3 Qc1+ 28.Kg2 Rf5 29.Qe2 Qa3
30.Qd2 Qc5 31.Qh6 Qc7 32.Qxf8+  1-0

[Event "Oberliga Ost B9798"]
[Site "Germany"]
[Date "1998.??.??"]
[Round "?.7"]
[White "Hoehn, Michael"]
[Black "Sehrt, Juergen"]
[Result "1-0"]
[WhiteElo "2110"]
[BlackElo "2245"]

1.Nf3 c5 2.c4 Nf6 3.Nc3 d5 4.cxd5 Nxd5 5.g3 Nc6 6.d4 cxd4 7.Nxd4 Nxc3 8.bxc3 Qd5
9.Rg1 Bd7 10.Bg2 Qa5 11.Bd2 e5 12.Nxc6 bxc6 13.Qb3 Bd6 14.c4 Qc7 15.Rb1 O-O
16.Qc2 Rab8 17.Rxb8 Rxb8 18.c5 Bf8 19.Be4 g6 20.g4 Rb5 21.Be3 Bxc5 22.a4 Bb4+
23.Kf1 Rb8 24.h4 Bf8 25.h5 Qd6 26.Rg3 c5 27.hxg6 hxg6 28.Bg5 Rb4 29.Rd3 Rd4
30.Rxd4 exd4 31.f3 Qa6 32.Bd5 Bxa4 33.Qa2 Bb5 34.Bxf7+ Kg7 35.Qd5 Bxe2+ 36.Kf2 Qd6
37.Kxe2 Qxd5 38.Bxd5 Bd6 39.Kd3 Kf8 40.Ke4 Ke8 41.Be6 a5 42.Kd5 Bf8 43.f4 Be7
44.Bh6 a4 45.Ke4 Bf8 46.Bxf8 Kxf8 47.Kd3 Ke7 48.Bc4 Kd6 49.g5 Ke7 50.Kc2  1-0

[Event "BL2-W9798"]
[Site "Germany"]
[Date "1998.??.??"]
[Round "?.1"]
[White "Kipper, Jens"]
[Black "Lautier, Joel"]
[Result "1/2-1/2"]
[WhiteElo "2195"]
[BlackElo "2660"]

1.Nf3 c5 2.c4 Nf6 3.Nc3 d5 4.cxd5 Nxd5 5.d4 Nxc3 6.bxc3 g6 7.e4 Bg7 8.Rb1 O-O
9.Be2 cxd4 10.cxd4 Qa5+ 11.Bd2 Qxa2 12.O-O Nd7 13.Bb4 Nb6 14.Ra1 Qe6 15.Qb1 Bd7
16.Ra5 Ba4 17.Bc5 Rfc8 18.d5 Qd7 19.Qb4 Qe8 20.Nd4 Bd7 21.Bd1 Nc4 22.Rxa7 Rxa7
23.Bxa7 Nd6 24.Bb3 Nxe4 25.Ne6 fxe6 26.Qxe4 Rc3 27.Rb1 Qc8 28.Be3 Kh8 29.dxe6 Bb5
30.Qb4 Ba6  1/2-1/2

[Event "Oberliga Nord O9798"]
[Site "Germany"]
[Date "1998.??.??"]
[Round "?"]
[White "Syre, Christian"]
[Black "Dyballa, Markus"]
[Result "1-0"]
[WhiteElo "2275"]
[BlackElo "2310"]

1.Nf3 Nf6 2.c4 c5 3.Nc3 d5 4.cxd5 Nxd5 5.g3 Nc6 6.Bg2 Nc7 7.O-O e5 8.d3 Be7
9.a3 Be6 10.Bd2 f6 11.Rb1 Qd7 12.Qa4 a5 13.Qc2 b5 14.Ne4 Na6 15.Be3 Nd4 16.Nxd4 exd4
17.Bxd4 Qxd4 18.Nxf6+ Bxf6 19.Bxa8 Bd5 20.e3 Qe5 21.d4 Qe6 22.Bxd5 Qxd5 23.e4 Qxd4
24.e5 Bd8 25.Rbd1 Qg4 26.Qd3 Qc8 27.Qxb5+ Ke7 28.Rd6 Nb8 29.Rd5 Qc6 30.Qc4 Bb6
31.Rd6  1-0

[Event "NRW-Liga 9798"]
[Site "Germany"]
[Date "1998.??.??"]
[Round "6"]
[White "Claesen, Pieter"]
[Black "Schindler, Werner"]
[Result "1-0"]
[WhiteElo "2430"]
[BlackElo "2310"]

1.c4 Nf6 2.Nc3 c5 3.Nf3 g6 4.d4 cxd4 5.Nxd4 Nc6 6.Nc2 Bg7 7.g3 O-O 8.Bg2 d6
9.O-O Qa5 10.Bd2 Qh5 11.e4 Qxd1 12.Raxd1 Bd7 13.Bg5 h6 14.Bc1 a6 15.Ne3 Rab8
16.f4 Rfd8 17.h3 b5 18.c5 b4 19.Ne2 dxc5 20.e5 Nd4 21.Nxd4 cxd4 22.Rxd4 Bb5
23.Rxd8+ Rxd8 24.exf6 Bxf1 25.fxe7 Re8 26.Bxf1 Rxe7 27.Bxa6 Bd4 28.Kf2 Rc7
29.Bd2 Rc2 30.Ke2 Rxb2 31.Bc4 Rb1 32.Nd1 Kg7 33.Bb3  1-0

[Event "Aeskulap op15"]
[Site "Goerlitz"]
[Date "1998.??.??"]
[Round "4"]
[White "Ksieski, Zbigniew"]
[Black "Hoffmann, Hendrik"]
[Result "0-1"]
[WhiteElo "2410"]
[BlackElo "2280"]

1.c4 Nf6 2.Nc3 c5 3.Nf3 b6 4.e4 d6 5.d4 cxd4 6.Nxd4 Bb7 7.Qe2 e6 8.g3 a6
9.Bg2 Qc7 10.O-O Be7 11.Be3 O-O 12.Rac1 Nbd7 13.f4 Rac8 14.b3 Rfe8 15.f5 e5
16.Nd5 Qd8 17.Nc2 Nxd5 18.exd5 Bg5 19.h4 Bxe3+ 20.Nxe3 b5 21.Kh1 bxc4 22.bxc4 a5
23.Rf2 Ba6 24.f6 Nxf6 25.Rcf1 Rc7 26.Rxf6 gxf6 27.Be4 f5 28.Bxf5 f6 29.Qh5 Kh8
30.Be6 Bxc4 31.Rxf6 Rf8 32.Rxf8+ Qxf8 33.Kg2 Bf1+ 34.Kg1 Rc1 35.Nd1 Bd3 36.Bh3 Bg6
37.Qe2 Rc2  0-1

[Event "HUN-chT9899"]
[Site "HUN"]
[Date "1998.??.??"]
[Round "?"]
[White "Krutti, Valer"]
[Black "Rovid, Kalman"]
[Result "1-0"]
[WhiteElo "2360"]
[BlackElo "2410"]

1.Nf3 Nf6 2.c4 c5 3.Nc3 d5 4.cxd5 Nxd5 5.d4 cxd4 6.Qxd4 Nxc3 7.Qxc3 Nc6 8.e4 Bg4
9.Bb5 Rc8 10.Be3 Bxf3 11.gxf3 a6 12.Rd1 Qc7 13.Bxc6+ Qxc6 14.Qd4 f6 15.O-O e5
16.Qa7 Be7 17.Rc1 Qd7 18.Rxc8+ Qxc8 19.Rc1 Qd7 20.Qa8+ Bd8 21.Rc8 Kf7 22.Bb6 Qd2
23.Bxd8 Rxd8 24.Rxd8 Qc1+ 25.Kg2 Qg5+ 26.Kf1 Qc1+ 27.Ke2 Qxb2+ 28.Rd2 Qb5+
29.Ke1  1-0

[Event "HUN-chT2 9798"]
[Site "HUN"]
[Date "1998.??.??"]
[Round "?"]
[White "Nemeth, Antal"]
[Black "Parkanyi, Attila"]
[Result "0-1"]
[WhiteElo "2275"]
[BlackElo "2350"]

1.Nf3 Nf6 2.c4 c5 3.Nc3 g6 4.g3 Bg7 5.Bg2 O-O 6.O-O Nc6 7.d4 cxd4 8.Nxd4 Nxd4
9.Qxd4 d6 10.b3 Bf5 11.Bb2 Qd7 12.Rfd1 Bh3 13.Bxh3 Qxh3 14.Nd5 Qd7 15.Qh4 Nxd5
16.Bxg7 Kxg7 17.Rxd5 Qe6 18.e3 Rfc8 19.Rad1 b6 20.Qd4+ Qf6 21.f4 Rc5 22.Kf2 Rac8
23.a4 a6 24.Ke2 h5 25.h3 R8c6 26.Rd2 e5 27.fxe5 dxe5 28.Qe4 Qe6 29.g4 hxg4
30.hxg4 Qf6 31.Rd8 Qg5 32.Re8 Rc8 33.Rxc8 Rxc8 34.Rd5 Re8 35.Kd3 Qe7 36.Kc3 Qa3
37.Rd1 b5 38.axb5 axb5 39.cxb5 Rc8+ 40.Kd2 Rd8+ 41.Ke1 Rxd1+ 42.Kxd1 Qxb3+
43.Ke1 Qxb5 44.g5 Qa5+ 45.Kd1 Qd8+  0-1

[Event "HUN-chT9899"]
[Site "HUN"]
[Date "1998.??.??"]
[Round "?"]
[White "Gemesi, Andras"]
[Black "Kerek, Krisztian"]
[Result "1/2-1/2"]
[WhiteElo "2200"]
[BlackElo "2370"]

1.Nf3 Nf6 2.c4 c5 3.Nc3 g6 4.e3 Bg7 5.Be2 O-O 6.O-O Nc6 7.d4 cxd4 8.exd4 d5
9.h3 dxc4 10.Bxc4 a6 11.a4 b6 12.Re1 Bb7 13.Bg5 Qd6 14.d5 Nb4 15.Qb3 Nbxd5
16.Rad1 e6 17.Bxf6 Bxf6 18.Nxd5 exd5 19.Bxd5 Bxd5 20.Rxd5 Qc7 21.Red1 Rad8
22.Rxd8 Rxd8 23.Rxd8+ Qxd8 24.Qc2 b5 25.b3 Qd6 26.Nd2 Be5 27.Nf3 Bf6 28.Nd2 Qd4
29.Nf3 Qd5 30.Qc8+ Kg7 31.Qc2 b4 32.Kh2 Bc3 33.Kg1 a5 34.Kf1 h6 35.Kg1 Kf6
36.Kf1 Qe6 37.Kg1 Kg7  1/2-1/2

[Event "HUN-chT2 9798"]
[Site "HUN"]
[Date "1998.??.??"]
[Round "?"]
[White "Berebora, Ferenc"]
[Black "Zetocha, Claudiu"]
[Result "1/2-1/2"]
[WhiteElo "2390"]
[BlackElo "2360"]

1.Nf3 c5 2.c4 Nf6 3.Nc3 e6 4.e4 d6 5.d4 cxd4 6.Nxd4 a6 7.Be2 Be7 8.O-O O-O
9.Be3 Qc7 10.Qd2 b6 11.f3 Bb7 12.a4 Re8 13.Rfc1 Qd8 14.Rd1 Bf8 15.Kh1 Nbd7
16.a5 Rc8 17.Nb3 d5 18.axb6 Bb4 19.cxd5 exd5 20.Bxa6 Bxa6 21.Rxa6 dxe4 22.fxe4 Rxe4
23.Bg1 Qe8 24.Qd3  1/2-1/2

[Event "HUN-chT2 9798"]
[Site "HUN"]
[Date "1998.??.??"]
[Round "?"]
[White "Foldi, Istvan"]
[Black "Menyhart, Tibor"]
[Result "1-0"]
[WhiteElo "2365"]
[BlackElo "2205"]

1.Nf3 Nf6 2.c4 c5 3.Nc3 e6 4.g3 b6 5.Bg2 Bb7 6.O-O Be7 7.d4 cxd4 8.Qxd4 d6
9.Bg5 a6 10.Bxf6 Bxf6 11.Qd3 Qc7 12.Rfd1 Be7 13.Ne4 O-O 14.Neg5 g6 15.h4 Nd7
16.Rac1 Nc5 17.Qe3 h6 18.Nh3 Kh7 19.b4 Nd7 20.Nf4 Nf6 21.Bh3 e5 22.Nd5 Bxd5
23.cxd5 Qb7 24.Qb3 Ne4 25.Rc6 f5 26.Rdc1 Rfc8 27.h5 Bg5 28.hxg6+ Kxg6 29.Nxg5 hxg5
30.Bxf5+ Kxf5 31.Qf3+ Kg6 32.Qxe4+ Kg7 33.Qf5 Rxc6 34.Qxg5+  1-0

[Event "HUN-chT2 9798"]
[Site "HUN"]
[Date "1998.??.??"]
[Round "?"]
[White "Kovacs, Istvan"]
[Black "Egri, Laszlo"]
[Result "1/2-1/2"]
[WhiteElo "2220"]
[BlackElo "2150"]

1.Nf3 Nf6 2.c4 e6 3.Nc3 c5 4.d4 cxd4 5.Nxd4 Nc6 6.e3 Bb4 7.Bd2 O-O 8.Nxc6 dxc6
9.Qc2 e5 10.a3 Be7 11.Be2 Be6 12.Rd1 Qc7 13.O-O Nd7 14.b4 f5 15.e4 f4 16.f3 a5
17.c5 axb4 18.axb4 Ra3 19.Rb1 Rfa8 20.Bc1 R3a7 21.Kh1 b6 22.cxb6 Nxb6 23.Bd2 Nc4
24.Bxc4 Bxc4 25.Rfc1 Qd7 26.Na4 Bd3 27.Qb3+ Kh8 28.Nb6 Qd4 29.Nxa8 Bxb1  1/2-1/2

[Event "HUN-chT9899"]
[Site "HUN"]
[Date "1998.??.??"]
[Round "?"]
[White "Gemesi, Andras"]
[Black "Zsinka, Laszlo"]
[Result "1/2-1/2"]
[WhiteElo "2200"]
[BlackElo "2340"]

1.Nf3 Nf6 2.c4 e6 3.Nc3 c5 4.e3 Be7 5.Be2 O-O 6.O-O d6 7.d4 Nbd7 8.Qc2 a6
9.b3 Re8 10.Bb2 cxd4 11.Nxd4 Qc7 12.Rfd1 b6 13.Bf3 Bb7 14.Rac1 Rad8 15.Bxb7 Qxb7
16.Qe2 Rc8 17.Qf3 Qc7 18.h3 Ne5 19.Qe2 Bf8 20.Rc2 Qb7 21.f4 Ned7 22.Qf3 Qxf3
23.Nxf3 b5 24.cxb5 Nd5 25.Rdc1 Nb4 26.Rd2 Nc5 27.Ne1 axb5 28.Ba3 Nca6 29.Nxb5 d5
30.Rxc8 Rxc8 31.Nf3 f6 32.Nbd4 Kf7 33.Bxb4 Nxb4 34.a3 Rc1+ 35.Kf2 Na6 36.b4 Rc3
37.Nb5 Rc1 38.Ke2 h6 39.Rd1 Rc2+ 40.Rd2 Rc1 41.Nfd4 e5 42.fxe5 fxe5 43.Rc2 Rxc2+
44.Nxc2 Ke6 45.Kd3 Be7 46.Nc3 Nc7 47.a4 Na6 48.Na2 h5 49.a5 Bd8 50.Kc3 Nc7
51.Kb3 Bf6 52.Nc1 Kd6 53.Ka4 d4 54.exd4 exd4 55.b5 Kc5 56.Na3 Be7 57.Nd3+ Kd5
58.b6 Na6 59.Kb5 Bxa3 60.Kxa6 Kc4 61.b7 Bd6 62.Ne1 Kb4 63.Ka7 Kxa5 64.b8=Q Bxb8+
65.Kxb8 Kb4 66.Kc7 Kc3 67.Kd6 d3 68.Nxd3 Kxd3 69.Ke5 Ke3 70.Kf5 Kf2 71.Kg5 Kxg2  1/2-1/2

[Event "HUN-chT 9798"]
[Site "Hungary"]
[Date "1998.??.??"]
[Round "?"]
[White "Bagonyai, Attila"]
[Black "Morvay, Miklos"]
[Result "1/2-1/2"]
[WhiteElo "2290"]
[BlackElo "2225"]

1.c4 Nf6 2.Nc3 c5 3.Nf3 g6 4.e4 Bg7 5.d4 cxd4 6.Nxd4 Nc6 7.Be3 b6 8.Be2 Bb7
9.O-O O-O 10.Rc1 Nxd4  1/2-1/2